| 000 | 00514cam a2200181 4500 | ||
|---|---|---|---|
| 001 | WB3532-13 | ||
| 008 | 000000n1999 000 0 eng u | ||
| 035 | _a(Sirsi) u102547 | ||
| 245 | _aShow must go on. | ||
| 260 | _c1999 | ||
| 490 |
_aTimes _v20 August 1999, 44(3) |
||
| 520 | _aReviews the London West End theatre market identifying theatres currently up for sale. Map. | ||
| 650 | _aLONDON | ||
| 650 | _aLEISURE PROPERTY | ||
| 650 | _aTHEATRES | ||
| 690 | _aPROPERTY-COMMERCIAL PROPERTY | ||
| 942 | _n0 | ||
| 999 |
_c61553 _d61553 |
||